000 00869cam a2200265 i 4500
001 18700631
005 20170309094303.0
008 150707t20152015dcu b 001 0 eng c
020 _a9781555819330 (v. 1 pbk.)
020 _a9781555819347 (v. 2 pbk.)
020 _a9781555819514 (set pbk.)
040 _cPK-LaUMT
082 0 0 _a616.9101
_223
_bPRI-
245 1 0 _aPrinciples of virology /
_cJane Flint, Vincent R. Racaniello, Glenn F. Rall, Anna Marie Skalka,and with Lynn W. Enquist
250 _a4th ed.
260 _aWashington :
_bASM Press,
_c2015
300 _a2 vols. :
_bcolor illustrations ;
_c28 cm
500 _aRevision of: Principles of virology / S.J. Flint ... [et al.]. 3rd ed.
650 0 _aVirology.
700 1 _aRacaniello, V. R.
700 1 _aRall, Glenn F.,
700 1 _aSkalka, Anna M.,
700 1 _aEnquist, L. W.
942 _cBK
999 _c91547
_d91547